ESP-Duques de Alba - Estadísticas

Estadísticas generales
  • Esta prueba ha sido intentada 12 veces
  • La puntuación promedio es 11 de 22
Estadísticas de respuestas
Período Nombre % Correcto
2015-Act. Carlos
82%
1882-1901 Carlos María
82%
1955-2014 Cayetana
82%
1438-1460 Fernando
64%
1531-1582 Fernando
64%
1639-1667 Fernando
64%
1755-1776 Fernando
64%
1711-1739 Francisco
64%
1847-1881 Jacobo
64%
1902-1953 Jacobo
64%
1776-1802 María Pilar
55%
1739-1755 María Teresa
55%
1583-1639 Antonio
36%
1667-1690 Antonio
36%
1690-1701 Antonio
36%
1701-1711 Antonio
36%
1488-1531 Fadrique
27%
1582-1583 Fadrique
27%
1460-1472 García
27%
1472-1488 García
27%
1802-1835 Carlos Miguel
18%
1430-1438 Gutierre
18%
No se encontraron pruebas coincidentes
Distribución de puntuación
Porcentaje de gente con cada puntuación
Porcentaje por número respondido
Historial de tus puntuaciones
No has intentado esta prueba.